000
00314pam a2200133 a 4500
020
_c
041
_h
082
_a
741.674
_b
PED
100
_a
Martin Pedersen.
245
_a
Graphics Poster Annual 2005
_h
Textual Documents
260
_a
New York:
_b
Geraphic In New York.
300
_a
237:
_b
Hard.
930
_a
5648
999
_c
239438
_d
239438